000 00865nam0a22002411 4500
001 rc\404259
005 20030616165828.8
035 _a(NLR Aleph) 005652787
090 _a6789841
_c6789841
100 _a20030616d1989 u |0rusy50 ca
101 0 _arus
102 _aRU
105 _ay |||||||||
200 1 _aИммунопатологические состояния у детей
_eСб. науч. тр.
_fТашк. гос. мед. ин-т
_g[Редкол.: Даминов Т.А. (отв. ред.) и др.]
210 _aТашкент
_cТашГМИ
_d1989
215 _a67 с.
_d20
702 1 _aДаминов
_bТ. А.
_gТургунпулат Абидович
_4340
712 0 2 _aТашкентский мед. ин-т
_3RU\NLR\AUTH\889927685
801 0 _aRU
_bNLR
_gpsbo
801 1 _aRU
_bELAR
_2rusmarc
852 _aNLR
_j89-4/9743
942 _cBOOK
980 _aNB